| 000 | 00440nam a22001577a 4500 | ||
|---|---|---|---|
| 003 | NUST - PNEC | ||
| 005 | 20170116181118.0 | ||
| 008 | 151004b xxu||||| |||| 00| 0 eng d | ||
| 020 | _a3527266518 | ||
| 040 | _cLIBRARY | ||
| 082 | _a620.11223 BEH | ||
| 100 |
_913315 _aDechema; Kreysa, Gerhard |
||
| 245 |
_aDECHEMA corrosion handbook Vol 7 _cKreysa, Gerhard Dechema |
||
| 650 |
_96979 _aCorrosion and anti-corrosives |
||
| 942 |
_2ddc _cBK |
||
| 999 |
_c69434 _d69434 |
||